[Event "16th Boris Kostic mem"]
[Site "Vrsac"]
[EventDate "2010.11.02"]
[Date "2010.11.02"]
[Round "1"]
[White "Sedlak, Nikola"]
[Black "Kovacevic, Aleksandar"]
[Result "1/2-1/2"]
[WhiteElo "2546"]
[BlackElo "2594"]
[PlyCount "73"]
[Source "Perpetual Check"]

1. d4 Nf6 2. c4 e6 3. Nc3 Bb4 4. e3 O-O 5. Bd3 d5 6. Nf3 c5 7. O-O cxd4 8. exd4
dxc4 9. Bxc4 Nbd7 10. Qe2 Nb6 11. Bd3 Nbd5 12. Ne4 Be7 13. Bg5 Bd7 14. Ne5 Nxe4
15. Bxe7 Qxe7 16. Qxe4 g6 17. Rac1 Rac8 18. Bc4 Bc6 19. Nxc6 bxc6 20. Bb3 Rfd8
21. Rc4 Nb6 22. Rxc6 Rxc6 23. Qxc6 Rxd4 24. Rc1 h5 25. h3 h4 26. Qc5 Qf6 27.
Qa5 Qf4 28. Rf1 Rd7 29. Qc3 Rd2 30. Qa5 Rxb2 31. Qxa7 Qd4 32. Qc7 Nd7 33. Qc4
Qxc4 34. Bxc4 Ne5 35. Rc1 Nxc4 36. Rxc4 Rxa2 37. Rxh4 1/2-1/2

[Event "16th Boris Kostic mem"]
[Site "Vrsac"]
[EventDate "2010.11.02"]
[Date "2010.11.02"]
[Round "1"]
[White "Ivanisevic, Ivan"]
[Black "Bogosavljevic, Boban"]
[Result "1-0"]
[WhiteElo "2628"]
[BlackElo "2569"]
[PlyCount "69"]
[Source "Perpetual Check"]

1. d4 d5 2. c4 c6 3. Nf3 Nf6 4. Nc3 dxc4 5. a4 Bf5 6. Ne5 Nbd7 7. Nxc4 Nb6 8.
Ne5 a5 9. Bg5 Nfd5 10. e4 Nxc3 11. bxc3 Bxe4 12. Qb3 Bd5 13. c4 Be4 14. Qe3 Bg6
15. Nxg6 hxg6 16. Bd3 Qc7 17. Bf4 Qd8 18. O-O e6 19. d5 cxd5 20. cxd5 Nxd5 21.
Bb5+ Ke7 22. Qa3+ Kf6 23. Qf3 Ke7 24. Rad1 g5 25. Bxg5+ f6 26. Rfe1 Kf7 27.
Rxe6 Kxe6 28. Qe4+ Kf7 29. Rxd5 Bd6 30. Bc4 Kf8 31. Bf4 Bxf4 32. Rxd8+ Rxd8 33.
Qxf4 Rh5 34. g3 Re5 35. Qh4 1-0

[Event "16th Boris Kostic mem"]
[Site "Vrsac"]
[EventDate "2010.11.02"]
[Date "2010.11.02"]
[Round "1"]
[White "Nevednicii, Boris"]
[Black "Spasov, Vasil"]
[Result "1/2-1/2"]
[WhiteElo "2547"]
[BlackElo "2606"]
[PlyCount "38"]
[Source "Perpetual Check"]

1. d4 Nf6 2. Nf3 g6 3. c4 Bg7 4. Nc3 O-O 5. e4 d6 6. h3 e5 7. d5 Nh5 8. Nh2 Qe8
9. Be2 Nf4 10. Bf3 f5 11. g3 Nxh3 12. Bg2 Qf7 13. Bxh3 fxe4 14. Ng4 Bxg4 15.
Qxg4 Qxf2+ 16. Kd1 Qd4+ 17. Ke1 Qf2+ 18. Kd1 Qd4+ 19. Ke1 Qf2+ 1/2-1/2

[Event "16th Boris Kostic mem"]
[Site "Vrsac"]
[EventDate "2010.11.02"]
[Date "2010.11.03"]
[Round "2"]
[White "Kovacevic, Aleksandar"]
[Black "Spasov, Vasil"]
[Result "1-0"]
[WhiteElo "2594"]
[BlackElo "2606"]
[PlyCount "113"]
[Source "Perpetual Check"]

1. Nf3 Nf6 2. c4 g6 3. Nc3 Bg7 4. e4 d6 5. d4 O-O 6. Be2 e5 7. Be3 Ng4 8. Bg5
f6 9. Bh4 g5 10. Bg3 Nh6 11. h3 Nc6 12. d5 Ne7 13. Qd2 Ng6 14. O-O-O Nf7 15.
Ne1 f5 16. Nc2 Nf4 17. Bf1 fxe4 18. Nxe4 Bf5 19. f3 c6 20. Ne3 Bg6 21. Bf2 cxd5
22. Nxd5 Kh8 23. Kb1 Nh6 24. Ka1 Nf5 25. c5 Rc8 26. Bc4 Nd4 27. Bxd4 exd4 28.
Nxf4 gxf4 29. Nxd6 Rc7 30. Bd3 Qg5 31. Bxg6 Qxg6 32. Ne4 b6 33. Rc1 d3 34. Qxd3
bxc5 35. Rc2 c4 36. Qd6 Qxd6 37. Nxd6 c3 38. b3 Rd8 39. Ne4 Rd3 40. Kb1 Re3 41.
Rd1 Be5 42. Rf2 Kg7 43. Kc2 Kf7 44. Nd6+ Bxd6 45. Rxd6 Re1 46. Rd4 Ra1 47.
Rxf4+ Kg6 48. Ra4 h5 49. h4 Kf5 50. Re2 Kf6 51. Ra6+ Kf5 52. Re4 Rg1 53. Ra5+
Kf6 54. Rf4+ Ke6 55. Rg5 Ra1 56. Ra4 Rf1 57. Rc4 1-0

[Event "16th Boris Kostic mem"]
[Site "Vrsac"]
[EventDate "2010.11.02"]
[Date "2010.11.03"]
[Round "2"]
[White "Bogosavljevic, Boban"]
[Black "Nevednicii, Boris"]
[Result "1/2-1/2"]
[WhiteElo "2569"]
[BlackElo "2547"]
[PlyCount "67"]
[Source "Perpetual Check"]

1. Nf3 Nf6 2. c4 g6 3. g3 Bg7 4. Bg2 O-O 5. O-O d6 6. d4 Nbd7 7. Nc3 e5 8. h3
exd4 9. Nxd4 Nb6 10. b3 c5 11. Nc2 Be6 12. e4 Qd7 13. Kh2 Ng4+ 14. hxg4 Bxc3
15. Bh6 Bxg4 16. f3 Be6 17. Bxf8 Bxa1 18. Bxd6 Rd8 19. Qxa1 Qxd6 20. Ne3 Qd4
21. Qc1 Qd2 22. Nd5 Qxc1 23. Rxc1 Kg7 24. a4 Nd7 25. f4 Nb8 26. Kg1 Nc6 27. Kf2
f6 28. Ke3 h5 29. Rd1 Nd4 30. Rd3 Nc6 31. Rd2 Na5 32. Rd3 Nc6 33. Rd2 Na5 34.
Rd3 1/2-1/2

[Event "16th Boris Kostic mem"]
[Site "Vrsac"]
[EventDate "2010.11.02"]
[Date "2010.11.03"]
[Round "2"]
[White "Sedlak, Nikola"]
[Black "Ivanisevic, Ivan"]
[Result "1-0"]
[WhiteElo "2546"]
[BlackElo "2628"]
[PlyCount "103"]
[Source "Perpetual Check"]

1. d4 e6 2. e4 d5 3. Nc3 dxe4 4. Nxe4 Bd7 5. Nf3 Bc6 6. Bd3 Nd7 7. O-O Ngf6 8.
Ned2 Be7 9. Nc4 O-O 10. c3 b6 11. Qe2 Bb7 12. Rd1 c5 13. dxc5 Bxc5 14. Bf4 Nd5
15. Bg3 Qf6 16. Nd6 Bxd6 17. Bxd6 Nc5 18. Bxf8 Nf4 19. Qe5 Rxf8 20. Qxf6 gxf6
21. Bc4 Kh8 22. Ne1 Bxg2 23. Rd4 Be4 24. f3 Nh3+ 25. Kf1 Bc6 26. Rad1 Nb7 27.
Ba6 Rg8 28. Bxb7 Bxb7 29. Rg4 Rxg4 30. fxg4 Ba6+ 31. Kg2 Nf4+ 32. Kg3 Nd5 33.
Rd4 Kg7 34. Ra4 Be2 35. Kf2 Bb5 36. Rxa7 h5 37. gxh5 e5 38. Nf3 Nf4 39. b3 Bd3
40. c4 Bb1 41. Ra6 Nd3+ 42. Ke3 f5 43. Rxb6 f4+ 44. Kd2 f6 45. h6+ Kg6 46. h7
Kxh7 47. Rxf6 e4 48. Ng5+ Kg7 49. Nxe4 Nc5 50. Rxf4 Nxe4+ 51. Kc1 Nc3 52. Rf3
1-0

[Event "16th Boris Kostic mem"]
[Site "Vrsac"]
[EventDate "2010.11.02"]
[Date "2010.11.04"]
[Round "3"]
[White "Nevednicii, Boris"]
[Black "Sedlak, Nikola"]
[Result "1-0"]
[WhiteElo "2547"]
[BlackElo "2546"]
[PlyCount "79"]
[Source "Perpetual Check"]

1. c4 Nf6 2. Nc3 e5 3. g3 Bc5 4. Bg2 O-O 5. e3 Nc6 6. a3 a6 7. b4 Ba7 8. Qc2 d6
9. Nf3 Ne7 10. O-O Bf5 11. d3 Ng6 12. h3 h6 13. Bb2 c6 14. Rad1 Qc8 15. Kh2 d5
16. e4 Be6 17. c5 Bb8 18. d4 exd4 19. Nxd4 Nh4 20. exd5 cxd5 21. Na4 Bc7 22. c6
b6 23. Nxe6 fxe6 24. Bd4 Rb8 25. Rde1 Nf5 26. Bb2 Kh8 27. Kg1 Bd6 28. Re2 e5
29. Rxe5 Ne7 30. Rxe7 Bxe7 31. Be5 Rb7 32. Rc1 Ra7 33. Nxb6 Qe6 34. Bxf6 Bxf6
35. c7 Rxc7 36. Qxc7 Bd4 37. Nxd5 Rxf2 38. Kh1 Kh7 39. Nf4 Qe3 40. Qc6 1-0

[Event "16th Boris Kostic mem"]
[Site "Vrsac"]
[EventDate "2010.11.02"]
[Date "2010.11.04"]
[Round "3"]
[White "Spasov, Vasil"]
[Black "Bogosavljevic, Boban"]
[Result "0-1"]
[WhiteElo "2606"]
[BlackElo "2569"]
[PlyCount "76"]
[Source "Perpetual Check"]

1. e4 c5 2. Nf3 Nc6 3. d4 cxd4 4. Nxd4 Nf6 5. Nc3 e5 6. Ndb5 d6 7. Bg5 a6 8.
Na3 b5 9. Nd5 Be7 10. Bxf6 Bxf6 11. c4 b4 12. Nc2 a5 13. g3 Bg5 14. Bg2 O-O 15.
O-O Ne7 16. Nde3 Bxe3 17. Nxe3 Qb6 18. Qd3 Rd8 19. Rad1 Rb8 20. b3 Be6 21. Kh1
Nc6 22. f4 f6 23. f5 Bf7 24. g4 Nd4 25. g5 fxg5 26. f6 Qa7 27. fxg7 Bh5 28. Rd2
Qxg7 29. Nf5 Nxf5 30. exf5 Bf7 31. f6 Qg6 32. Be4 Qh5 33. Rg2 Kh8 34. Rf5 d5
35. Bxd5 Bg6 36. Rgxg5 Qxg5 37. Rxg5 Bxd3 38. Kg1 Rb6 0-1

[Event "16th Boris Kostic mem"]
[Site "Vrsac"]
[EventDate "2010.11.02"]
[Date "2010.11.05"]
[Round "4"]
[White "Nevednicii, Boris"]
[Black "Kovacevic, Aleksandar"]
[Result "0-1"]
[WhiteElo "2547"]
[BlackElo "2594"]
[PlyCount "72"]
[Source "Perpetual Check"]

1. c4 c5 2. Nf3 Nc6 3. d4 cxd4 4. Nxd4 Nf6 5. Nc3 e6 6. a3 Be7 7. e4 O-O 8. Nf3
Qc7 9. Be2 b6 10. O-O Bb7 11. Bg5 Rad8 12. Qd2 d6 13. b4 h6 14. Bh4 Ne5 15.
Nxe5 Nxe4 16. Nxe4 dxe5 17. Qe3 Bxh4 18. c5 bxc5 19. Nxc5 Bg5 20. Qb3 Bd5 21.
Bc4 Ba8 22. Be2 Rd4 23. Rad1 Rfd8 24. Rxd4 Rxd4 25. Rd1 Bd5 26. Qc2 Qc6 27. Bf1
Be7 28. Rc1 Bg5 29. Rd1 Rxd1 30. Qxd1 e4 31. g3 f5 32. Qc2 Bf6 33. Qd2 Qc7 34.
Bb5 Qe5 35. Qc1 Bg5 36. Qd1 Qb2 0-1

[Event "16th Boris Kostic mem"]
[Site "Vrsac"]
[EventDate "2010.11.02"]
[Date "2010.11.05"]
[Round "4"]
[White "Bogosavljevic, Boban"]
[Black "Sedlak, Nikola"]
[Result "1/2-1/2"]
[WhiteElo "2569"]
[BlackElo "2546"]
[PlyCount "50"]
[Source "Perpetual Check"]

1. d4 d5 2. c4 c6 3. Nf3 Nf6 4. e3 Bg4 5. h3 Bxf3 6. Qxf3 e6 7. Bd3 Nbd7 8. Nc3
Bd6 9. O-O O-O 10. Rd1 Re8 11. Bd2 Qe7 12. Qe2 Bc7 13. Rac1 Rad8 14. Be1 a6 15.
a3 Bb8 16. Qc2 e5 17. dxe5 Nxe5 18. cxd5 cxd5 19. Ne2 Nxd3 20. Qxd3 Qe5 21. g3
Qe6 22. Kg2 Qe4+ 23. Kg1 Qe6 24. Kg2 Qe4+ 25. Kg1 Qe6 1/2-1/2

[Event "16th Boris Kostic mem"]
[Site "Vrsac"]
[EventDate "2010.11.02"]
[Date "2010.11.07"]
[Round "5"]
[White "Kovacevic, Aleksandar"]
[Black "Bogosavljevic, Boban"]
[Result "1/2-1/2"]
[WhiteElo "2594"]
[BlackElo "2569"]
[PlyCount "91"]
[Source "Perpetual Check"]

1. e4 c5 2. Nf3 Nc6 3. Bb5 d6 4. Bxc6+ bxc6 5. O-O e5 6. c3 Bg4 7. h3 Bxf3 8.
Qxf3 Nf6 9. d3 Be7 10. Na3 O-O 11. Qe2 g6 12. Bh6 Re8 13. f4 exf4 14. Rxf4 Nh5
15. Rf3 d5 16. Qf2 Rb8 17. Rf1 f6 18. Re1 c4 19. exd5 Bxa3 20. bxa3 Qxd5 21.
dxc4 Rxe1+ 22. Qxe1 Qc5+ 23. Kh1 Kf7 24. Rd3 Qf5 25. Re3 g5 26. g4 Ng3+ 27.
Rxg3 Qg6 28. Re3 Qxh6 29. Qd1 Qg6 30. Qd7+ Kg8 31. Re2 Qb1+ 32. Kg2 c5 33. Qxa7
Rb2 34. Qe7 Qxa2 35. Kf3 Rxe2 36. Qxe2 Qxa3 37. Qe8+ Kg7 38. Qd7+ Kh6 39. Qd3
Qa8+ 40. Qd5 Qf8 41. Qd7 Kg6 42. Ke4 Qa8+ 43. Ke3 Qf8 44. Ke4 Qa8+ 45. Ke3 Qf8
46. Ke4 1/2-1/2

[Event "16th Boris Kostic mem"]
[Site "Vrsac"]
[EventDate "2010.11.02"]
[Date "2010.11.07"]
[Round "5"]
[White "Sedlak, Nikola"]
[Black "Spasov, Vasil"]
[Result "1/2-1/2"]
[WhiteElo "2546"]
[BlackElo "2606"]
[PlyCount "71"]
[Source "Perpetual Check"]

1. d4 Nf6 2. c4 g6 3. g3 Bg7 4. Bg2 O-O 5. Nc3 d6 6. Nf3 Nbd7 7. O-O e5 8. e3
Re8 9. a4 a5 10. b3 c6 11. Ra2 exd4 12. exd4 Nf8 13. d5 cxd5 14. Nxd5 Nxd5 15.
Qxd5 Ne6 16. Be3 Nc5 17. Bxc5 dxc5 18. Qxc5 b6 19. Qg5 Ra7 20. Re2 Rae7 21.
Rxe7 Qxe7 22. Qb5 Qd8 23. c5 bxc5 24. Qxc5 Be6 25. b4 axb4 26. Qxb4 Qb8 27.
Qxb8 Rxb8 28. Ng5 Bc4 29. Rc1 Rb4 30. Bc6 Bd4 31. Be8 Kf8 32. Bc6 Kg7 33. Nf3
Bb6 34. Ne5 Be6 35. Nd3 Rb3 36. Nc5 1/2-1/2

[Event "16th Boris Kostic mem"]
[Site "Vrsac"]
[EventDate "2010.11.02"]
[Date "2010.11.07"]
[Round "5"]
[White "Ivanisevic, Ivan"]
[Black "Nevednicii, Boris"]
[Result "1/2-1/2"]
[WhiteElo "2628"]
[BlackElo "2547"]
[PlyCount "107"]
[Source "Perpetual Check"]

1. d4 Nf6 2. Nf3 g6 3. c4 Bg7 4. Nc3 O-O 5. e4 d6 6. Be2 e5 7. O-O Nbd7 8. Be3
Re8 9. d5 Ng4 10. Bg5 f6 11. Bd2 a5 12. Nh4 Nh6 13. g3 Nc5 14. Qc1 Nf7 15. f3
f5 16. exf5 gxf5 17. Be3 Qf6 18. Qd2 Bd7 19. Rae1 b6 20. Ng2 f4 21. Bxc5 bxc5
22. Ne4 Qh6 23. g4 Bf6 24. Bd3 Ng5 25. Nxg5 Bxg5 26. Be4 Qh3 27. Re2 Kg7 28.
Ne1 Bh4 29. Nd3 h6 30. Rg2 Kf7 31. Kh1 Rg8 32. Rfg1 Rg5 33. b3 Rgg8 34. Qc2 Rg5
35. Qd2 Rgg8 36. a4 Rg5 37. Nc1 Rag8 38. Qxa5 h5 39. Qxc7 Ke7 40. Nd3 Rc8 41.
Qb6 hxg4 42. b4 gxf3 43. Rxg5 Bxg5 44. Rxg5 Rh8 45. Rg7+ Kf8 46. Qxd6+ Kxg7 47.
Qxe5+ Kg8 48. Qg5+ Kf8 49. Qxf4+ Kg8 50. Qg5+ Kf8 51. Qf6+ Kg8 52. Qd8+ Kg7 53.
Qe7+ Kg8 54. Qg5+ 1/2-1/2

[Event "16th Boris Kostic mem"]
[Site "Vrsac"]
[EventDate "2010.11.02"]
[Date "2010.11.08"]
[Round "6"]
[White "Kovacevic, Aleksandar"]
[Black "Sedlak, Nikola"]
[Result "1/2-1/2"]
[WhiteElo "2594"]
[BlackElo "2546"]
[PlyCount "142"]
[Source "Perpetual Check"]

1. e4 e6 2. d4 d5 3. Nc3 Bb4 4. e5 c5 5. a3 Bxc3+ 6. bxc3 Ne7 7. Nf3 b6 8. Bb5+
Bd7 9. a4 Bxb5 10. axb5 Qd7 11. Rb1 O-O 12. O-O a6 13. Qe2 axb5 14. Rxb5 Qa7
15. Bg5 Nbc6 16. Rfb1 Rfb8 17. h3 h6 18. Be3 cxd4 19. Bxd4 Nxd4 20. cxd4 Qc7
21. Qd3 Ra2 22. R5b2 Ra4 23. Rb4 Ra2 24. R4b2 Ra4 25. Rb4 Rxb4 26. Rxb4 Nc6 27.
Rb2 Na5 28. Nd2 Qc6 29. Qa3 Rc8 30. Qb4 Qc3 31. Qxc3 Rxc3 32. Nb1 Rc6 33. Kf1
f6 34. exf6 gxf6 35. Ke2 Kf7 36. Nd2 e5 37. dxe5 fxe5 38. Kd1 Ke7 39. Rb4 Rg6
40. g3 Rf6 41. Ke1 Kd7 42. c4 d4 43. Rb5 Re6 44. c5 Nb7 45. cxb6 Kc6 46. Rb1 e4
47. Ke2 e3 48. Nf3 Kd5 49. Rd1 exf2+ 50. Kxf2 Rxb6 51. Rxd4+ Ke6 52. g4 Kf6 53.
Kg3 Nd6 54. Kf4 Nf7 55. h4 Kg6 56. Ra4 Rf6+ 57. Kg3 Rb6 58. Re4 Ra6 59. Re8 Kf6
60. Nd4 Kg6 61. Re7 Kf6 62. Re8 Ne5 63. h5 Ra3+ 64. Kh4 Ra4 65. Re6+ Kf7 66.
Rxe5 Rxd4 67. Ra5 Rd3 68. Ra7+ Kg8 69. Ra6 Kg7 70. Ra7+ Kg8 71. Ra6 Kg7 1/2-1/2

[Event "16th Boris Kostic mem"]
[Site "Vrsac"]
[EventDate "2010.11.02"]
[Date "2010.11.08"]
[Round "6"]
[White "Bogosavljevic, Boban"]
[Black "Ivanisevic, Ivan"]
[Result "0-1"]
[WhiteElo "2569"]
[BlackElo "2628"]
[PlyCount "98"]
[Source "Perpetual Check"]

1. Nf3 g6 2. d4 Bg7 3. g3 c5 4. Bg2 cxd4 5. Nxd4 Nc6 6. Nb3 d6 7. O-O Be6 8.
Nc3 Bxc3 9. bxc3 Qd7 10. Re1 Bh3 11. Bh1 h5 12. c4 h4 13. c5 hxg3 14. fxg3
O-O-O 15. Nd4 d5 16. Rb1 Nf6 17. c4 Rh5 18. Nb5 Bf5 19. Rb2 Rxh2 20. Bf3 Be4
21. Kxh2 Rh8+ 22. Kg1 Qh3 23. Kf2 Qh2+ 24. Ke3 Qxg3 25. Rg1 Qe5 26. Nxa7+ Nxa7
27. Qd4 Qxd4+ 28. Kxd4 Nc6+ 29. Ke3 d4+ 30. Kf4 Bxf3 31. exf3 Nd7 32. Kg3 Nxc5
33. Rb5 Nd3 34. Bd2 Rd8 35. Rgb1 Rd7 36. Rh1 f6 37. Rh8+ Kc7 38. a4 g5 39. a5
Nde5 40. Rc5 Kd6 41. Rd5+ Ke6 42. Rc5 d3 43. Kf2 Nd4 44. Rb8 Ndxf3 45. Ke3 g4
46. Rg8 Rd4 47. Rgc8 Kf5 48. Bc3 d2 49. Bxd2 Rd3+ 0-1

[Event "16th Boris Kostic mem"]
[Site "Vrsac"]
[EventDate "2010.11.02"]
[Date "2010.11.08"]
[Round "6"]
[White "Spasov, Vasil"]
[Black "Nevednicii, Boris"]
[Result "1/2-1/2"]
[WhiteElo "2606"]
[BlackElo "2547"]
[PlyCount "37"]
[Source "Perpetual Check"]

1. e4 d6 2. d4 Nf6 3. Nc3 e5 4. Nf3 Nbd7 5. Bc4 Be7 6. O-O O-O 7. Re1 c6 8. a4
a5 9. h3 exd4 10. Qxd4 Nc5 11. Bf4 Be6 12. Rad1 Qb6 13. Bxe6 fxe6 14. Bxd6 Bxd6
15. Qxd6 Rad8 16. Qe7 Rde8 17. Qd6 Rd8 18. Qe7 Rde8 19. Qd6 1/2-1/2

[Event "16th Boris Kostic mem"]
[Site "Vrsac"]
[EventDate "2010.11.02"]
[Date "2010.11.09"]
[Round "7"]
[White "Nevednicii, Boris"]
[Black "Bogosavljevic, Boban"]
[Result "1-0"]
[WhiteElo "2547"]
[BlackElo "2569"]
[PlyCount "82"]
[Source "Perpetual Check"]

1. e4 c5 2. Nf3 Nc6 3. Bb5 d6 4. d4 cxd4 5. Qxd4 Bd7 6. Bxc6 Bxc6 7. Nc3 Nf6 8.
Bg5 e6 9. O-O-O Be7 10. Qd3 Qa5 11. h4 O-O 12. Nd4 Rfc8 13. f4 h6 14. Kb1 Rab8
15. g4 b5 16. Bxf6 Bxf6 17. g5 Bxd4 18. Qxd4 Qb6 19. gxh6 Qxd4 20. Rxd4 gxh6
21. a3 a5 22. b4 Ba8 23. Kb2 e5 24. Rxd6 axb4 25. axb4 Rc4 26. Rxh6 Kg7 27. Rh5
exf4 28. Rg1+ Kf6 29. Kb3 Rbc8 30. Nxb5 Rxe4 31. Nd6 Re3+ 32. Kb2 Rf8 33. Rh6+
Ke5 34. Nc4+ Ke4 35. Rf6 Rf3 36. Re1+ Kd4 37. Nd2 Re3 38. Rxf4+ Ke5 39. Ref1
Rh3 40. Nc4+ Ke6 41. Re1+ Kd5 1-0

[Event "16th Boris Kostic mem"]
[Site "Vrsac"]
[EventDate "2010.11.02"]
[Date "2010.11.10"]
[Round "8"]
[White "Kovacevic, Aleksandar"]
[Black "Ivanisevic, Ivan"]
[Result "1/2-1/2"]
[WhiteElo "2594"]
[BlackElo "2628"]
[PlyCount "33"]
[Source "Perpetual Check"]

1. e4 c6 2. d4 d5 3. exd5 cxd5 4. c4 Nf6 5. Nc3 Nc6 6. Bg5 Qa5 7. Bxf6 exf6 8.
cxd5 Bb4 9. dxc6 Bxc3+ 10. bxc3 Qxc3+ 11. Ke2 O-O 12. f3 Re8+ 13. Kf2 Qe3+ 14.
Kg3 Qg5+ 15. Kf2 Qe3+ 16. Kg3 Qg5+ 17. Kf2 1/2-1/2

[Event "16th Boris Kostic mem"]
[Site "Vrsac"]
[EventDate "2010.11.02"]
[Date "2010.11.10"]
[Round "8"]
[White "Sedlak, Nikola"]
[Black "Nevednicii, Boris"]
[Result "1-0"]
[WhiteElo "2546"]
[BlackElo "2547"]
[PlyCount "139"]
[Source "Perpetual Check"]

1. d4 Nf6 2. c4 g6 3. Nc3 Bg7 4. e4 d6 5. Nf3 O-O 6. Be2 e5 7. O-O Nc6 8. d5
Ne7 9. Bg5 Ne8 10. Nd2 f5 11. f3 Kh8 12. b4 Bf6 13. Be3 Ng8 14. c5 f4 15. Bf2
Bh4 16. g3 Bg5 17. Nc4 h5 18. b5 Nh6 19. b6 axb6 20. cxd6 cxd6 21. Nxb6 Ra3 22.
Nb5 fxg3 23. hxg3 Ra6 24. Nxc8 Qxc8 25. Kg2 Qd8 26. Rh1 Kg8 27. a4 h4 28. gxh4
Bf4 29. Qc2 Ra8 30. Ra3 Rc8 31. Rc3 Rxc3 32. Qxc3 Rf7 33. Kf1 Kh7 34. Ke1 Qa8
35. a5 Qd8 36. Bb6 Qd7 37. Kd1 Ng8 38. Kc2 Bh6 39. Kb2 Ngf6 40. Na7 Nc7 41.
Qxc7 Qxc7 42. Bxc7 Rxc7 43. Nb5 Rd7 44. Bf1 Bd2 45. Bh3 Rd8 46. Ra1 Kh6 47. Kc2
Be3 48. Kd3 Bf2 49. Rb1 Kh5 50. Nc7 Kxh4 51. Be6 Kg3 52. Rxb7 Kxf3 53. a6 Nh5
54. a7 Nf4+ 55. Kc4 Bxa7 56. Rxa7 Kxe4 57. Kb5 Kf3 58. Ra3+ Kf2 59. Bg4 Rb8+
60. Kc6 Rb4 61. Rf3+ Kg2 62. Rc3 Kf2 63. Bd1 Rd4 64. Bb3 g5 65. Ne6 Rb4 66.
Nxg5 e4 67. Rc2+ Ke1 68. Bc4 Kd1 69. Rc3 e3 70. Nf3 1-0

[Event "16th Boris Kostic mem"]
[Site "Vrsac"]
[EventDate "2010.11.02"]
[Date "2010.11.10"]
[Round "8"]
[White "Bogosavljevic, Boban"]
[Black "Spasov, Vasil"]
[Result "1/2-1/2"]
[WhiteElo "2569"]
[BlackElo "2606"]
[PlyCount "77"]
[Source "Perpetual Check"]

1. Nf3 Nf6 2. c4 g6 3. g3 Bg7 4. Bg2 O-O 5. O-O d6 6. d4 Nbd7 7. Nc3 e5 8. e3
Re8 9. a4 a5 10. b3 exd4 11. exd4 Nb8 12. Ra2 Nc6 13. Be3 Bf5 14. h3 Nb4 15.
Rd2 c6 16. Re1 Qd7 17. Kh2 Ne4 18. Nxe4 Bxe4 19. Bf4 Bxf3 20. Rxe8+ Rxe8 21.
Qxf3 d5 22. h4 h5 23. Bh3 Qe7 24. Bg5 Qe1 25. Bd7 Re4 26. Bc8 b6 27. Be3 Qb1
28. cxd5 Nxd5 29. Bd7 Re7 30. Bxc6 Nxe3 31. fxe3 Qc1 32. Rf2 Qxe3 33. Qxe3 Rxe3
34. Bd5 Re7 35. Rd2 Rd7 36. Bc6 Rxd4 37. Rxd4 Bxd4 38. Kg2 Kg7 39. Kf3 1/2-1/2

[Event "16th Boris Kostic mem"]
[Site "Vrsac"]
[EventDate "2010.11.02"]
[Date "2010.11.11"]
[Round "9"]
[White "Bogosavljevic, Boban"]
[Black "Kovacevic, Aleksandar"]
[Result "1/2-1/2"]
[WhiteElo "2569"]
[BlackElo "2594"]
[PlyCount "37"]
[Source "Perpetual Check"]

1. Nf3 c5 2. c4 Nc6 3. Nc3 g6 4. d4 cxd4 5. Nxd4 Bg7 6. Nc2 Bxc3+ 7. bxc3 Qa5
8. e4 Nf6 9. f3 d6 10. Bd2 Be6 11. Nb4 O-O 12. Be2 Rfc8 13. Nd5 Qd8 14. Rb1 b6
15. O-O Na5 16. Rb4 Nc6 17. Rb1 Na5 18. Rb4 Nc6 19. Rb1 1/2-1/2

[Event "16th Boris Kostic mem"]
[Site "Vrsac"]
[EventDate "2010.11.02"]
[Date "2010.11.11"]
[Round "9"]
[White "Spasov, Vasil"]
[Black "Sedlak, Nikola"]
[Result "1/2-1/2"]
[WhiteElo "2606"]
[BlackElo "2546"]
[PlyCount "60"]
[Source "Perpetual Check"]

1. e4 e6 2. d4 d5 3. Nd2 c5 4. Ngf3 cxd4 5. Nxd4 Nc6 6. Bb5 Bd7 7. Nxc6 Bxc6 8.
Bxc6+ bxc6 9. c4 Bc5 10. Qa4 Qd7 11. exd5 cxd5 12. Qxd7+ Kxd7 13. cxd5 exd5 14.
O-O Ne7 15. Nb3 Bb6 16. Bd2 Rhc8 17. Bc3 f6 18. Rfd1 Ke6 19. Kf1 Nf5 20. Rd2
Rd8 21. Re1+ Kf7 22. Red1 Ke6 23. a4 a6 24. g4 Ne7 25. Nd4+ Bxd4 26. Rxd4 Nc6
27. R4d3 Rab8 28. Re3+ Kf7 29. Red3 Ke6 30. Re3+ Kf7 1/2-1/2

[Event "16th Boris Kostic mem"]
[Site "Vrsac"]
[EventDate "2010.11.02"]
[Date "2010.11.11"]
[Round "9"]
[White "Nevednicii, Boris"]
[Black "Ivanisevic, Ivan"]
[Result "0-1"]
[WhiteElo "2547"]
[BlackElo "2628"]
[PlyCount "82"]
[Source "Perpetual Check"]

1. e4 c5 2. Nf3 d6 3. Bc4 Nf6 4. d3 Nc6 5. c3 g6 6. O-O Bg7 7. h3 O-O 8. a3 d5
9. exd5 Nxd5 10. Re1 b6 11. d4 cxd4 12. cxd4 Bb7 13. Bg5 h6 14. Bh4 g5 15. Bg3
e6 16. Nc3 Nde7 17. d5 Na5 18. Ba2 Nxd5 19. Qc2 Nxc3 20. bxc3 Bxf3 21. Bb1 f5
22. gxf3 Rc8 23. Ba2 Rxc3 24. Qe2 f4 25. Bh2 Nc6 26. Qxe6+ Kh8 27. Rad1 Nd4 28.
Qe4 Nxf3+ 29. Kh1 Qa8 30. Qxa8 Rxa8 31. Bd5 Rac8 32. Bxf3 Rxf3 33. Kg2 Rfc3 34.
h4 Kh7 35. Re7 R8c7 36. Rxc7 Rxc7 37. Kh3 Kg6 38. hxg5 hxg5 39. Kg4 Bf6 40. Bg1
Rh7 41. f3 Rh4# 0-1

[Event "16th Boris Kostic mem"]
[Site "Vrsac"]
[EventDate "2010.11.02"]
[Date "2010.11.12"]
[Round "10"]
[White "Ivanisevic, Ivan"]
[Black "Spasov, Vasil"]
[Result "1/2-1/2"]
[WhiteElo "2628"]
[BlackElo "2606"]
[PlyCount "31"]
[Source "Perpetual Check"]

1. d4 Nf6 2. Nf3 g6 3. Bg5 Bg7 4. Nbd2 d6 5. e4 O-O 6. c3 Nc6 7. Be2 e5 8. dxe5
Nxe5 9. Nxe5 dxe5 10. O-O Be6 11. Qc2 h6 12. Bh4 c6 13. a4 Qc7 14. Bc4 Bxc4 15.
Nxc4 Nh5 16. Rfd1 1/2-1/2

[Event "16th Boris Kostic mem"]
[Site "Vrsac"]
[EventDate "2010.11.02"]
[Date "2010.11.12"]
[Round "10"]
[White "Sedlak, Nikola"]
[Black "Bogosavljevic, Boban"]
[Result "1/2-1/2"]
[WhiteElo "2546"]
[BlackElo "2569"]
[PlyCount "26"]
[Source "Perpetual Check"]

1. e4 c5 2. c3 Nf6 3. e5 Nd5 4. d4 cxd4 5. Qxd4 e6 6. Nf3 Nc6 7. Qe4 f5 8. Qe2
Qc7 9. g3 b6 10. Bg2 Bb7 11. O-O Nde7 12. Re1 Ng6 13. h4 a5 1/2-1/2